Harry Potter Characters Close-Up Quiz Stats

 Plays Quiz Updated Apr 17, 2016

Challenge
Share
Tweet
Score 0/20 Timer 05:00
7 Plays Today
Character % Correct
Severus Snape
99%
Hermione Granger
98.2%
Rubeus Hagrid
97.9%
Draco Malfoy
95.5%
Tom Riddle
95.3%
Ronald Weasley
93.6%
Luna Lovegood
92.9%
Harry Potter
92.6%
Neville Longbottom
90.9%
Albus Dumbledore
89.9%
Character % Correct
Bellatrix Lestrange
89.2%
Dudley Dursley
87.6%
Sirius Black
81.9%
Filius Flitwick
80.6%
Minerva McGonagall
79.8%
Sybil Trelawney
76.6%
Oliver Wood
73.9%
Garrick Ollivander
69.5%
Kreacher
65.4%
Griphook
60%

You're not logged in!

Compare scores with friends on all Sporcle quizzes.
Join for Free
OR
Log In

You Might Also Like...

Show Comments

Extras

Top Quizzes Today


Score Distribution

Your Account Isn't Verified!

In order to create a playlist on Sporcle, you need to verify the email address you used during registration. Go to your Sporcle Settings to finish the process.

Report this User

Report this user for behavior that violates our Community Guidelines.

Details: